Meilleurs buteurs en finale et demi-finale de ligue des champions - Statistiques

Statistiques générales
  • Ce quiz a été pris 313 fois
  • Le résultat moyen est 10 sur 12
Statistiques - réponses
Hint Nationalité Matchs Buts Réponse % Correct
1 Portugal 27 17 Cristiano Ronaldo
100%
3 Argentine 19 8 Lionel Messi
99%
2 France 21 9 Karim Benzema
98%
4 Pologne 11 7 Robert Lewandowski
98%
5 Sénégal 9 5 Sadio Mane
96%
11 Bresil 7 4 Neymar
86%
8 Allemagne 19 5 Thomas Muller
86%
10 Algerie 5 4 Riyad Mahrez
85%
7 Pays-Bas 15 5 Arjen Robben
62%
12 Angleterre 9 4 Wayne Rooney
57%
6 Italie 9 5 Alexandro Del Piero
51%
9 Espagne 20 5 Sergio Ramos
36%
Aucun quiz correspondant
Distribution des résultats
% des personnes avec chaque résultat
Percentile par nombre de réponses
Votre historique - résultats
Vous n’avez pas pris ce quiz